ბათუმის შოთა რუსთაველის სახელმწიფო უნივერსიტეტის ბიბლიოთეკა

Справочник инженера-химика=Chemical Engineers' Handbook.Том второй (ბიბ.ჩანაწერი № 38230)

000 -LEADER
fixed length control field 00777nam a2200217Ia 4500
001 - CONTROL NUMBER
control field 4220
003 - CONTROL NUMBER IDENTIFIER
control field GE_BSU
008 - FIXED-LENGTH DATA ELEMENTS--GENERAL INFORMATION
fixed length control field 181216s||||||||xx |||||||||||||| ||und||
040 ## - CATALOGING SOURCE
Transcribing agency GE_BSU
080 ## - UNIVERSAL DECIMAL CLASSIFICATION NUMBER
Universal Decimal Classification number 66.0(035.3)
100 ## - MAIN ENTRY--PERSONAL NAME
Personal name Перри, Джон.
245 ## - TITLE STATEMENT
Title Справочник инженера-химика=Chemical Engineers' Handbook.Том второй
245 ## - TITLE STATEMENT
Statement of responsibility, etc. Под общей редакцией Н.М.Жаворонкова и П.Г.Романкова.
250 ## - EDITION STATEMENT
Edition statement Перевод с четвертого английского издания.
260 ## - PUBLICATION, DISTRIBUTION, ETC.
Place of publication, distribution, etc. Л.
260 ## - PUBLICATION, DISTRIBUTION, ETC.
Name of publisher, distributor, etc. Химия.
260 ## - PUBLICATION, DISTRIBUTION, ETC.
Date of publication, distribution, etc. 1969.
300 ## - PHYSICAL DESCRIPTION
Extent 504 стр. 27 см.
653 ## - INDEX TERM--UNCONTROLLED
Uncontrolled term Справочник инженера-химика=Chemical Engineers' Handbook.
942 ## - ADDED ENTRY ELEMENTS (KOHA)
Koha item type წიგნი
ეგზემპლარები
Withdrawn status Lost status Damaged status Not for loan Date acquired Barcode Date last seen Price effective from Koha item type Public note
        2018-12-17 9565 2018-12-17 2018-12-17 წიგნი საცავი
        2018-12-17 9566 2018-12-17 2018-12-17 წიგნი საცავი
        2018-12-17 9567 2018-12-17 2018-12-17 წიგნი საცავი